| 000 | 01551cam a2200421 i 4500 | ||
|---|---|---|---|
| 001 | 200468165 | ||
| 003 | TR-AnTOB | ||
| 005 | 20260417091902.0 | ||
| 007 | ta | ||
| 008 | 260417r19641958nyu 000 1 eng | ||
| 010 | _a 58011644 | ||
| 035 | _a(CLU)581426-ucladb-Voyager | ||
| 035 |
_a(OCoLC)13408473 _z(OCoLC)2112612 _z(OCoLC)977223786 |
||
| 035 | _a(OCoLC)ocm13408473 | ||
| 035 | _a(EXLNZ-01UCS_NETWORK)9912948712406531 | ||
| 035 | _a(TR-AnTOB)200468165 | ||
| 040 |
_aDLC _beng _erda _cDLC _dCUY _dNLGGC _dOSU _dOCLCF _dOCLCQ _dOCLCO _dY5J _dOCLCQ _dCSY _dOCLCO _dPUL _dOCLCO _dTR-AnTOB |
||
| 041 | 0 | _aeng | |
| 043 | _ae-gx--- | ||
| 050 | 0 | 4 |
_aPS3552.E719 _bC7 1964 |
| 090 |
_aPS3552.E719 _bC7 1964 |
||
| 100 | 1 |
_aBerger, Thomas, _d1924-2014 _4author _eaut _0http://id.loc.gov/authorities/names/n79109066 _9153744 |
|
| 245 | 1 | 0 |
_aCrazy in Berlin : _ba novel / _cby Thomas Berger. |
| 264 | 1 |
_aNew York : _bBallantine Books, _c1964. |
|
| 300 |
_a413 pages ; _c18 cm |
||
| 336 |
_atext _btxt _2rdacontent |
||
| 337 |
_aunmediated _bn _2rdamedia |
||
| 338 |
_avolume _bnc _2rdacarrier |
||
| 500 | _a"This edition published by arrangement with Charles Scribner's Sons ..."--T.p. verso | ||
| 650 | 0 |
_aAmericans _zGermany _vFiction _9153751 |
|
| 650 | 0 |
_aMiddle class men _vFiction _9153750 |
|
| 650 | 0 |
_aSoldiers _vFiction _9153595 |
|
| 651 | 0 |
_aBerlin (Germany) _vFiction _9153752 |
|
| 655 | 7 |
_aFiction _2lcgft _0http://id.loc.gov/authorities/genreForms/gf2014026339 _9151487 |
|
| 942 |
_2lcc _cBK |
||
| 999 |
_c200468165 _d86377 |
||